000 00741nam a2200229Ia 4500
003 GCL
008 140319s9999 xx 000 0 ara d
040 _aGCL /
_cGCL
082 0 4 _a928.1
_bف ن
100 1 _aفؤاد دواره
245 1 0 _aنجيب محفوظ من القومية الى العالمية /
_cفؤاد دواره
260 _aالقاهرة :
_bالهيئة المصرية العامة للكتاب ،
_c1989
300 _a328 ص ؛
_c25 سم
490 _a
650 0 4 _aالادب العربى
650 0 4 _aالقصص العربية
650 0 4 _aالمقالات العربية
650 0 4 _aالقصة العربية
650 0 4 _aنجيب محفوظ
650 0 4 _aتاريخ ونقد
942 _2ddc
_cBK
999 _c30087
_d30087